State, revolution, and superpowers in Afghanistan /

Bibliographic Details
Main Author: Emadi, Hafizullah
Format: Book
Language:English
Published: New York : Praeger, 1990.
Subjects:

MARC

Tag First Indicator Second Indicator Subfields
LEADER 00000cam a2200000 a 4500
001 in00000972790
005 20150927111231.0
008 890809s1990 nyu b 00110 eng
010 |a  89022853  
020 |a 0275934608 (alk. paper) 
035 |a (OCoLC)20265141 
035 |9 AEW0828AM 
040 |a DLC  |c DLC  |d TXA  |d UtOrBLW 
043 |a a-af---  |a e-ur---  |a n-us--- 
049 |a TXAM 
050 0 0 |a DS371.2  |b .E48 1990 
082 0 0 |a 958.1/04  |2 20 
100 1 |a Emadi, Hafizullah. 
245 1 0 |a State, revolution, and superpowers in Afghanistan /  |c Hafizullah Emadi. 
264 1 |a New York :  |b Praeger,  |c 1990. 
300 |a xvii, 156 pages ;  |c 22 cm. 
336 |a text  |b txt  |2 rdacontent 
337 |a unmediated  |b n  |2 rdamedia 
338 |a volume  |b nc  |2 rdacarrier 
504 |a Includes bibliographical references (pages [135]-147) and index. 
536 |a Dr. Paul P. Van Riper Collection Department of Political Science. 
651 0 |a Afghanistan  |x Politics and government  |y 1973-1989. 
651 0 |a Afghanistan  |x Foreign relations  |z United States. 
651 0 |a United States  |x Foreign relations  |z Afghanistan. 
651 0 |a Soviet Union  |x Foreign relations  |z Afghanistan. 
651 0 |a Afghanistan  |x Foreign relations  |z Soviet Union. 
999 |a MARS 
999 f f |s 3a957fac-a0bc-3e8b-9818-4a72c165f2b3  |i 391495bf-834e-373f-9cab-f123c91693c0  |t 0 
952 f f |p normal  |a Texas A&M University  |b College Station  |c Sterling C. Evans Library  |s Evans stk  |d Evans: Library Stacks  |t 0  |e DS371.2 .E48 1990  |h Library of Congress classification  |i unmediated -- volume  |m A14821253209 
998 f f |a DS371.2 .E48 1990  |t 0  |l Evans: Library Stacks